000 00698nam a2200241Ia 4500
003 OSt
005 20221007064350.0
006 a|||||r|||| 00| 0
007 ta
008 221006b |||||||| |||| 00| 0 eng d
024 _a9,487
037 _cReference Collections
040 _aFLL
_cFLL
_beng
041 _2eng
_aeng
082 _aZ2:211:45, N8
100 _aBansal B.L. Au.
_9685698
245 0 _aLaw of acquisition of land in India
260 _aDelhi
_bCapital law house India
_c1998
300 _alvi,1264p
_ccm.
700 _a Aiyer R. Au.
_9685699
942 _hZ2:211:45, N8
_cREF
_2CC
999 _c1133809
_d1133809